Histoire du Saint-Simonisme: 1825-1864

Na minha lista:
Detalhes bibliográficos
Autor principal: Charléty, Sébastien (Author)
Formato: Livro
Idioma:francês
Publicado em: París Gonthier 1931
Assuntos:
Tags: Adicionar Tag
Sem tags, seja o primeiro a adicionar uma tag!

MARC

LEADER 00000nam a2200000 a 4500
001 UCO5966
003 CL-VaPUC
008 000922e19310000FR |||||||||||||||||fre|d
082 0 4 |a 274.4081  |b CHA  |2 21 
100 0 |a Charléty, Sébastien  |e author  |9 450760 
245 1 0 |a Histoire du Saint-Simonisme: 1825-1864 
300 |a 282 p 
942 |c BK 
945 |d 20000922 00:00:00  |a crobeson 
260 |a París  |b Gonthier  |c 1931 
650 7 |a HISTORIA ECLESIASTICA  |2 CL-VaPUC  |9 450761 
650 7 |a DOCTRINAS RELIGIOSAS  |2 CL-VaPUC  |9 337177 
651 0 |a Francia  |9 255157 
583 |a last modification  |c 20000922 00:00:00  |k Rodrigo Vera 
999 |c 291772  |d 291770